000
00324nam a22001337a 4500
999
_c
8406
_d
8406
003
OSt
005
20191023131111.0
008
191023b ||||| |||| 00| 0 eng d
040
_c
DDC
082
_2
23
_a
289.94
_b
B261P
100
_a
Barnett, Tommy; Coleman, Sarah Jepson
245
_a
Portraits of vision
942
_2
ddc
_c
BK